| 000 | 00882nam a2200277 i 4500 | ||
|---|---|---|---|
| 001 | 000025775 | ||
| 003 | DO-SdBNP | ||
| 005 | 20250429110432.0 | ||
| 007 | ta | ||
| 008 | 110222s1999 dr abc 000 0 spa d | ||
| 040 |
_aDO-SdBNP _bspa _cBNPHU _erda |
||
| 049 | _aBNPD | ||
| 082 | 4 |
_a901.9 _bC719h _222 |
|
| 100 | 1 |
_aColón, Juan, _d1962- _9863 _eautor |
|
| 245 | 1 | 0 |
_aHistoria de las civilizaciones / _cJuan Colón. |
| 250 | _asexta edición | ||
| 264 |
_aSanto Domingo : _bEducando; _bAlfa y Omega, _c1999. |
||
| 300 |
_a[157 páginas : _bilustraciones, mapas. retratos ; _c29 cm. |
||
| 336 |
_2rdacontent _atexto _btxt |
||
| 337 |
_2rdamedia _asin mediación _bn |
||
| 338 |
_2rdacarrier _avolumen _bnc |
||
| 500 | _aIncluye datos biográficos del autor en la contracubierta | ||
| 650 | 4 |
_aCivilización _xHistoria _94894 |
|
| 650 | 0 |
_aHistoria universal _9933 |
|
| 942 |
_2ddc _cLBS1 |
||
| 999 |
_c25267 _d25267 |
||